000 00759nam a2200229 a 4500
001 BRCA_842
005 20190320203155.0
008 940114s1993 sp-a---##b---#001-0dspa-#
020 _a8486474183
040 _aDLC
_cDLC
050 4 _aNK7139
_b.E88 1993
100 1 _aEsteras Martín, Cristina
_92804
245 1 0 _aArequipa y el arte de la platería
_bsiglos XVI-XX
_cCristina Esteras Martín.
260 _aMadrid, España
_bTuero
_c1993
300 _a303 p.
_bil. a color
_c21 cm.
440 0 _aColección Investigación y crítica
_92805
500 _aIncluye índice onomástico e índice geográfico
504 _aBibliografía: p. 286-294
650 1 4 _aPlatería religiosa
_zPerú
_92806
650 1 4 _aPlateros
_vBiografía
_zPerú
_92807
942 _2lcc
_cB
999 _c737
_d737